Next Countries Alphabetically That Are Closest To Each Other - Statistics

General Stats
  • This quiz has been taken 166 times
  • The average score is 14 of 36
Answer Stats
km Country Closest Country mi % Correct
939 Iran Iraq 583
66%
939 Iraq Iran 583
66%
669 Zambia Zimbabwe 415
65%
669 Zimbabwe Zambia 415
65%
1,005 Dominican Republic Dominica 624
53%
633 Guinea Guinea-Bissau 394
53%
950 Niger Nigeria 590
52%
950 Nigeria Niger 590
52%
633 Guinea-Bissau Guinea 394
51%
451 Slovakia Slovenia 280
51%
451 Slovenia Slovakia 280
51%
1,005 Dominica Dominican Republic 624
50%
429 Saint Kitts and Nevis Saint Lucia 267
40%
108 Saint Lucia Saint Vincent and the Grenadines 67
40%
429 Saint Lucia Saint Kitts and Nevis 267
40%
108 Saint Vincent and the Grenadines Saint Lucia 67
40%
1,012 Chad Central African Republic 629
39%
1,012 Central African Republic Chad 629
38%
1,635 Belgium Belarus 1,016
36%
1,628 Sweden Switzerland 1,012
36%
1,614 Algeria Andorra 1,003
34%
1,541 Haiti Honduras 957
34%
1,333 Liechtenstein Lithuania 828
34%
1,336 Luxembourg Lithuania 830
34%
1,628 Switzerland Sweden 1,012
34%
1,336 Lithuania Luxembourg 830
33%
1,333 Lithuania Liechtenstein 828
33%
1,614 Andorra Algeria 1,003
30%
1,635 Belarus Belgium 1,016
29%
1,541 Honduras Haiti 957
28%
1,663 Oman Pakistan 1,033
27%
1,476 Malawi Madagascar 917
25%
1,675 Monaco Moldova 1,041
25%
1,663 Pakistan Oman 1,033
23%
1,675 Moldova Monaco 1,041
21%
1,476 Madagascar Malawi 917
15%
No matching quizzes found
Score Distribution
Percent of People with Each Score
Percentile by Number Answered
Your Score History
You have not taken this quiz